| 000 | 00912nam a22002417a 4500 | ||
|---|---|---|---|
| 001 | 48399 | ||
| 003 | BD-RjUL | ||
| 005 | 20211209054522.0 | ||
| 008 | 160813s1989 bg ||||| |||| 00| 0 ben d | ||
| 020 | _c: TK 30.00 | ||
| 035 | _a(BD-RjUL)48518 | ||
| 040 |
_aBD-RjUL _bben _cBD-RjUL |
||
| 041 | _aben | ||
| 082 |
_223 _a871 _bKAB 1989 |
||
| 100 |
_aকার্দেনাল, এর্নেস্তো _9146445 |
||
| 245 | 1 | 0 |
_aবিপ্লব ও ভালবাসা / _cএর্নেস্তো কার্দেনাল |
| 260 |
_aঢাকা : _bসাহিত্যসমবায়, _c১৯৮৯ [১৩৯৬] |
||
| 300 |
_a৪৭ পৃ. : _bচিত্র ; _c২১ সেমি. |
||
| 650 |
_aল্যাটিন কবিতা _9146446 |
||
| 650 |
_aLatin Poetry _9146447 |
||
| 700 |
_aহক, মফিদুল, অনুবাদ _9146448 |
||
| 942 |
_2ddc _cBK |
||
| 999 |
_c48399 _d48399 |
||